000 00623nam a22002417a 4500
003 UA-OsUOA
001 78520
007 ta
008 20111013b un ||||| |||| 00| 0 ukr d
100 _aБокаччо Дж.
090 _a821.161.1(450)
_bБ78
942 _cBK
040 _aUA-OsUOA
_brus
_cUA-OsUOA
_dUA-OsUOA
245 _aДекамерон
300 _a464 с.
955 _a3
041 _arus
080 _a821.161.1(450)
020 _a5-86716-044-0
260 _aМ.
_bМП "Фирма АРТ"
_c1992
650 7 _a82 Література. Літературознавство
_2UDC
999 _c364844
_d364844